|
|
|
|
| LEADER |
00936nam a2200229 a 4500 |
| 001 |
545073 |
| 008 |
00412s1986 bg b 001 0 eng d |
| 010 |
|
|
|a 87900478
|
| 040 |
|
|
|a DLC
|c DLC
|d DLC
|d BD-DhAAL
|
| 082 |
0 |
0 |
|a 305.5/63
|2 19
|
| 100 |
1 |
|
|a Rahman, Atiur,
|d 1951-
|
| 245 |
1 |
0 |
|a Peasants and classes :
|b a study in differentiation in Bangladesh /
|c Atiur Rahman.
|
| 260 |
|
|
|a Dhaka :
|b University Press,
|c 1986.
|
| 300 |
|
|
|a xlvi, 295 p. ;
|c 22 cm.
|
| 500 |
|
|
|a Based on the author's thesis (Ph. D.--University of London, 1983)
|
| 504 |
|
|
|a Includes Bibliography (p. [282]-291.) and index.
|
| 541 |
1 |
|
|e 00002999
|
| 650 |
|
0 |
|a Peasants
|z Bangladesh.
|
| 650 |
|
0 |
|a Social classes
|z Bangladesh.
|
| 852 |
4 |
|
|a Ayesha Abed Library
|j General shelf
|
| 999 |
|
|
|c 8053
|d 8053
|
| 952 |
|
|
|0 0
|1 0
|2 ddc
|4 0
|6 305_563000000000000_RAH_1986
|7 0
|9 9166
|a BRACUL
|b BRACUL
|c GEN
|d 2010-04-12
|g 250.00
|l 2
|m 2
|o 305.563 RAH
|p 3010002999
|r 2013-03-09
|s 2013-03-09
|t 1
|w 2010-04-12
|y BK
|